| 000 | 00816 a2200229 4500 | ||
|---|---|---|---|
| 010 | _aENG-85904 | ||
| 020 |
_a8125029400 _c345.00 |
||
| 035 | _aEN-69437 | ||
| 037 | _bD.B.Act / Pub | ||
| 082 | 1 | 4 | _a306.45 |
| 090 |
_c3705 _d3705 |
||
| 245 | 1 |
_aScience and citizens _cedited by Melissa Leach, Ian Scoones and Brian Wynne _bglobalisation and the challange of engagement |
|
| 260 |
_aChennai _bOrient Longman _c2005 |
||
| 270 |
_a160, Anna Salai _bChennai _e600 002 _mchegeneral@orientlongman.com |
||
| 300 |
_avii, 295 p. _b21 cm ( Pbk.) |
||
| 500 | _aIncludes bibliographical refrences and index | ||
| 700 | 1 | _aLeach, Melissa | |
| 700 | 1 | _aScoones, Ian | |
| 700 | 1 | _aWynne, Brian | |
| 942 |
_adpl _cEN _k306.45 / SCI |
||
| 999 |
_c3627 _d3627 |
||